Από τον σταλινισμό στην περεστρόϊκα : η προσωπική μαρτυρία απ' τον κόσμο του υπαρκτού σοσιαλισμού (1947-1087)
Αποθηκεύτηκε σε:
| Κύριος συγγραφέας: | |
|---|---|
| Μορφή: | Βιβλίο |
| Γλώσσα: | Greek |
| Δημοσίευση: |
Αθήνα :
Θεμέλιο,
1988
|
| Θέματα: | |
| Ετικέτες: |
Προσθήκη ετικέτας
Δεν υπάρχουν, Καταχωρήστε ετικέτα πρώτοι!
|
MARC
| LEADER | 00000cam a2200000 i 4500 | ||
|---|---|---|---|
| 001 | 1/30264 | ||
| 008 | 060526s1988 gre d | ||
| 035 | |l 10084104 | ||
| 040 | |a GR-MY-UA |b gre |e aacr | ||
| 041 | 0 | |a gre | |
| 082 | 0 | |a 320.532 |2 (22) | |
| 100 | 1 | |a Μαυροειδής, Λευτέρης, |d 1918- | |
| 245 | 1 | 0 | |a Από τον σταλινισμό στην περεστρόϊκα : |b η προσωπική μαρτυρία απ' τον κόσμο του υπαρκτού σοσιαλισμού (1947-1087) / |c Λευτέρης Μαυροειδής |
| 260 | |a Αθήνα : |b Θεμέλιο, |c 1988 | ||
| 300 | |a 255 σ.; |b εικ.; |c 21 εκ. | ||
| 600 | 1 | 0 | |a Ζαχαριάδης, Νίκος, |d 1903-1973. |
| 650 | 0 | 0 | |a Socialism |x History. |
| 651 | 0 | |a Bulgaria |x Politics and government |y 1944- | |
| 651 | 0 | |a Poland |x Politics and government |y 1944-1980. | |
| 852 | |a INST |b LESVOS |e 20060526 |h 320.532 ΜΑΥ |p 005100035056 |q 005100035056 |t BK |y 0 | ||
| 901 | |a BIBL1-2006-2 | ||
| 909 | |a Λ |b 124086 | ||
| 970 | |a ΚΑΡΑ |b ΓΙΑΣΕΜΗ |z 2006/05/26 | ||